000 005070000a22001810004500
020 _a0-14044-114-X
041 0 _aENG
082 0 4 _aG 270.09 A9235c
100 1 _aAgustín de Hipona, San (354-430)
245 1 0 _aConfessions : Saint Augustine, R. S. Pine-Coffin, Traductor e Introducción
260 _aMiddlesex, England : Penguin
300 _a346 Pag
001 8335
942 _cBK
999 _c38508
_d38508
336 _atexto
_btxt
_2rdacontent
337 _2rdamedia
_asin mediación
_bn
338 _2rdacarrier
_avolumen
_bnc